000 00498nam a2200181 4500
003 SEACOMEC
005 20250122131418.0
008 250122b |||||||| |||| 00| 0 eng d
020 _c170.00
040 _aSEACOMEC
082 _a621.3815324
_bC435
100 _aChakrabarti, A
245 _aAn Introduction to Network Filters and Transmission Lines/
_cA. Chakrabarti
250 _a3rd ed.
260 _aDelhi :
_bDhanpat Rai & Sons,
_c2003
650 _aElectrical Engineering
942 _cBOOK
999 _c1963
_d1963